00332 a2200097 4500001001000000005001700010008004100027245005500068100001900123773009200142ART_4507620260410162038.0260409a 10aSan Luis: del empleo industrial al refugio estatal1 aPaez, Mónica0 tRevista de estudios regionales y mercado de trabajog- N° 3 (ene./dic. 2007)wREV44894